[Event "6. Open Veteranos de Calviá"]
[Site "Calviá ESP"]
[Date "2006.10.28"]
[Round "9.11"]
[White "Sarto Ramos, Angel"]
[Black "Tejero Royo, Fermin"]
[Result "1-0"]
[WhiteElo "2069"]
[BlackElo "2159"]
[PlyCount "179"]
[EventDate "2006.10.20"]
[EventType "swiss"]
[EventRounds "9"]
[EventCountry "ESP"]
[Source "lmi"]
[SourceDate "2006.10.20"]

1. d4 d5 2. Nf3 Nf6 3. e3 g6 4. Nbd2 Bg7 5. Bd3 O-O 6. O-O b6 7. e4 dxe4 8.
Nxe4 Bb7 9. Qe2 Nbd7 10. c3 Rc8 11. Nxf6+ Bxf6 12. Ba6 Bxa6 13. Qxa6 Ra8 14.
Bh6 Re8 15. Rad1 Qc8 16. Qxc8 Raxc8 17. Bf4 e6 18. Rfe1 c5 19. Ne5 Red8 20.
Nxd7 Rxd7 21. dxc5 Rxd1 22. Rxd1 Rxc5 23. Kf1 Kg7 24. Ke2 Rb5 25. Rd2 g5 26.
Be3 Kg6 27. g4 Be5 28. h3 f5 29. f3 h5 30. Kd1 fxg4 31. fxg4 hxg4 32. hxg4 Bf4
33. Ke2 Kf6 34. Bd4+ e5 35. Be3 e4 36. b4 Ke6 37. a4 Re5 38. c4 Kf7 39. Rd7+
Ke8 40. Rxa7 Re6 41. Ra6 Rh6 42. Bxb6 Rh2+ 43. Kf1 Kd7 44. Ra7+ Kc8 45. Re7 Rb2
46. Rxe4 Rxb4 47. a5 Ra4 48. Ke2 Ra3 49. c5 Kb7 50. Kd1 Rg3 51. Re7+ Ka6 52. c6
Rxg4 53. Ra7+ Kb5 54. c7 Bxc7 55. Rxc7 Rg2 56. Rg7 g4 57. Ke1 Ka6 58. Kf1 Ra2
59. Rxg4 Kb5 60. Ke1 Ka6 61. Kd1 Kb5 62. Rg5+ Ka6 63. Kc1 Re2 64. Kb1 Kb7 65.
Rg6 Ka6 66. Rd6 Kb7 67. Bd4 Kc7 68. Rd5 Kc6 69. Rg5 Rd2 70. Rc5+ Kb7 71. Bc3
Re2 72. Rd5 Rg2 73. Bd2 Rh2 74. Kc2 Rg2 75. Kb3 Rg6 76. Ka4 Ka6 77. Kb4 Rf6 78.
Kc5 Re6 79. Bc3 Rg6 80. Rf5 Re6 81. Rg5 Rh6 82. Kd5 Kb5 83. Kd4+ Ka6 84. Kc5
Re6 85. Rg8 Rh6 86. Be5 Re6 87. Bd4 Rh6 88. Re8 Rg6 89. Re7 Rg5+ 90. Kc4 1-0

[Event "6. Open Veteranos de Calviá"]
[Site "Calviá ESP"]
[Date "2006.10.28"]
[Round "9.12"]
[White "Perez Pascual, Arturo"]
[Black "Batalla Batalla, Josep"]
[Result "1-0"]
[WhiteElo "2015"]
[BlackElo "2127"]
[PlyCount "45"]
[EventDate "2006.10.20"]
[EventType "swiss"]
[EventRounds "9"]
[EventCountry "ESP"]
[Source "lmi"]
[SourceDate "2006.10.20"]

1. e4 c5 2. Nf3 Nc6 3. d4 cxd4 4. Nxd4 Nf6 5. Nc3 e5 6. Ndb5 d6 7. Bg5 a6 8.
Bxf6 gxf6 9. Na3 b5 10. Nd5 Bg7 11. Bd3 Ne7 12. Nxe7 Qxe7 13. c4 O-O 14. Nc2
bxc4 15. Bxc4 f5 16. Qf3 fxe4 17. Qxe4 Bb7 18. Bd5 Bxd5 19. Qxd5 e4 20. O-O
Rfc8 21. Ne3 Rab8 22. Nf5 Qe5 23. Qxe5 1-0

[Event "6. Open Veteranos de Calviá"]
[Site "Calviá ESP"]
[Date "2006.10.28"]
[Round "9.13"]
[White "Serra Olives, Tomas"]
[Black "Perez Cameselle, Francisco"]
[Result "1-0"]
[WhiteElo "2132"]
[BlackElo "1981"]
[PlyCount "29"]
[EventDate "2006.10.20"]
[EventType "swiss"]
[EventRounds "9"]
[EventCountry "ESP"]
[Source "lmi"]
[SourceDate "2006.10.20"]

1. d4 Nf6 2. c4 c5 3. d5 b5 4. Nf3 Bb7 5. b3 bxc4 6. bxc4 g6 7. Bb2 Bg7 8. Nbd2
O-O 9. e4 d6 10. Bd3 e6 11. O-O exd5 12. exd5 Nbd7 13. Qc2 Ng4 14. Bxg7 Kxg7
15. Qb2+ 1-0

[Event "6. Open Veteranos de Calviá"]
[Site "Calviá ESP"]
[Date "2006.10.28"]
[Round "9.14"]
[White "Patola, Eero"]
[Black "Campos Calvo-Sotelo, Juan"]
[Result "1-0"]
[WhiteElo "1959"]
[BlackElo "2086"]
[PlyCount "103"]
[EventDate "2006.10.20"]
[EventType "swiss"]
[EventRounds "9"]
[EventCountry "ESP"]
[Source "lmi"]
[SourceDate "2006.10.20"]

1. e4 Nf6 2. d3 d6 3. c4 c5 4. Nc3 Nc6 5. g3 g6 6. Bg2 Bg7 7. Nge2 O-O 8. O-O
a6 9. f4 Bg4 10. h3 Bxe2 11. Nxe2 Qc7 12. g4 Nd4 13. Nxd4 cxd4 14. g5 Nd7 15.
h4 f6 16. f5 Ne5 17. Bh3 fxg5 18. hxg5 gxf5 19. Bxf5 e6 20. Bxe6+ Kh8 21. Bf5
Ng6 22. Qh5 Qf7 23. Rf3 Be5 24. Rh3 Rg8 25. Qg4 Rg7 26. Bd2 Rf8 27. Rf1 Qe7 28.
Rff3 Rff7 29. Rh6 Nf8 30. Rfh3 Kg8 31. g6 Rxf5 32. exf5 Kh8 33. Kf2 Bf6 34. Rh1
Qd7 35. Bg5 Be5 36. Qe4 Kg8 37. R6h3 Qa4 38. Bh6 Re7 39. gxh7+ Nxh7 40. Rg1+
Kh8 41. Kf3 Bf6 42. Qd5 Qe8 43. Rgh1 Re3+ 44. Kg4 Rxh3 45. Rxh3 Qe2+ 46. Qf3
Qxb2 47. Qe4 Be5 48. Bf4 Kg8 49. Bxe5 dxe5 50. Qd5+ Kg7 51. Qd7+ Kf8 52. Qd8+
1-0

[Event "6. Open Veteranos de Calviá"]
[Site "Calviá ESP"]
[Date "2006.10.28"]
[Round "9.15"]
[White "Penalver Guardia, Josep"]
[Black "Pomar Mir, Francisco"]
[Result "0-1"]
[WhiteElo "1918"]
[BlackElo "1996"]
[PlyCount "68"]
[EventDate "2006.10.20"]
[EventType "swiss"]
[EventRounds "9"]
[EventCountry "ESP"]
[Source "lmi"]
[SourceDate "2006.10.20"]

1. d4 e6 2. c4 Nf6 3. Nc3 Bb4 4. Bd2 O-O 5. a3 Bxc3 6. Bxc3 d6 7. Nf3 Nbd7 8.
Qc2 c5 9. e3 Qc7 10. Bd3 h6 11. O-O Re8 12. Rac1 e5 13. dxe5 dxe5 14. e4 Nf8
15. h3 Ng6 16. Rfe1 Nh5 17. Bf1 Nhf4 18. Kh2 Ne6 19. Re3 Nd4 20. Qd1 Be6 21. b4
b6 22. Rb1 Bd7 23. h4 Bg4 24. Be2 Nf4 25. Rb2 Nfxe2 26. Rbxe2 Qe7 27. Bxd4 exd4
28. Rb3 Bxf3 29. gxf3 Qxh4+ 30. Kg1 Re6 31. Re1 Rg6+ 32. Kf1 Rd8 33. bxc5 bxc5
34. Rb5 d3 0-1

[Event "6. Open Veteranos de Calviá"]
[Site "Calviá ESP"]
[Date "2006.10.28"]
[Round "9.16"]
[White "Lastras Hernandez, Tomas"]
[Black "Fernandez Martin, Manuel"]
[Result "1-0"]
[WhiteElo "1986"]
[BlackElo "1658"]
[PlyCount "47"]
[EventDate "2006.10.20"]
[EventType "swiss"]
[EventRounds "9"]
[EventCountry "ESP"]
[Source "lmi"]
[SourceDate "2006.10.20"]

1. d4 Nf6 2. c4 c6 3. Nc3 d5 4. e3 e6 5. Nf3 Be7 6. Be2 O-O 7. O-O Qc7 8. b3
Nbd7 9. Bb2 a6 10. Rc1 Qb8 11. cxd5 cxd5 12. Qc2 e5 13. dxe5 Nxe5 14. Nxe5 Qxe5
15. Nb5 Qb8 16. Nc7 Be6 17. Nxa8 Qxa8 18. Bf3 Ne8 19. Rcd1 b6 20. e4 Nf6 21.
Bxf6 Bxf6 22. exd5 Rc8 23. Qd3 Bd7 24. d6 1-0

[Event "6. Open Veteranos de Calviá"]
[Site "Calviá ESP"]
[Date "2006.10.28"]
[Round "9.17"]
[White "Arias Velasco, Jose"]
[Black "Gonzalo Gonzalez, Francisco"]
[Result "1-0"]
[WhiteElo "1961"]
[BlackElo "1921"]
[PlyCount "101"]
[EventDate "2006.10.20"]
[EventType "swiss"]
[EventRounds "9"]
[EventCountry "ESP"]
[Source "lmi"]
[SourceDate "2006.10.20"]

1. e4 c5 2. c3 Nc6 3. d4 cxd4 4. cxd4 Nf6 5. d5 Ne5 6. Nc3 d6 7. f4 Bg4 8. Be2
Bxe2 9. Ngxe2 Nc4 10. Qa4+ Qd7 11. Qxc4 Qg4 12. O-O g6 13. Qb5+ Nd7 14. Qxb7
Rb8 15. Qxa7 h5 16. Nd4 Bg7 17. Nc6 O-O 18. Nxb8 Nxb8 19. Qxe7 h4 20. Qg5 Qc8
21. e5 h3 22. Ne4 hxg2 23. Kxg2 Qc2+ 24. Kf3 dxe5 25. fxe5 Qd3+ 26. Be3 Qxd5
27. Rfd1 Qb7 28. Rd8 f5 29. Rxf8+ Kxf8 30. Qxg6 Qxe4+ 31. Kf2 Qxe5 32. Rd1
Qxh2+ 33. Qg2 Qh4+ 34. Qg3 Qxg3+ 35. Kxg3 Ke8 36. Rd5 Nc6 37. Rb5 Kd8 38. b3
Be5+ 39. Bf4 Bc3 40. Rxf5 Be1+ 41. Kg4 Ba5 42. a3 Kc8 43. Rb5 Bd8 44. b4 Be7
45. Kg3 Bf8 46. Kf2 Bg7 47. Bd2 Bd4+ 48. Ke1 Ba7 49. Rh5 Kb7 50. b5 Nd4 51.
Rh7+ 1-0

[Event "6. Open Veteranos de Calviá"]
[Site "Calviá ESP"]
[Date "2006.10.28"]
[Round "9.18"]
[White "Diaz Begonte, Manuel"]
[Black "Garcia Sanchez, Jose Manuel"]
[Result "0-1"]
[WhiteElo "1897"]
[BlackElo "1945"]
[PlyCount "40"]
[EventDate "2006.10.20"]
[EventType "swiss"]
[EventRounds "9"]
[EventCountry "ESP"]
[Source "lmi"]
[SourceDate "2006.10.20"]

1. e4 c5 2. d4 cxd4 3. c3 dxc3 4. Nxc3 Nc6 5. Nf3 d6 6. Bc4 e6 7. O-O Be7 8.
Qe2 a6 9. Rd1 Qc7 10. Bf4 Ne5 11. Bxe5 dxe5 12. Rac1 Bd7 13. a3 Nf6 14. Ba2 Rc8
15. Qd2 Qb8 16. Qg5 O-O 17. Rxd7 h6 18. Qxe5 Nxd7 19. Qh5 Bf6 20. g4 Qf4 0-1

[Event "6. Open Veteranos de Calviá"]
[Site "Calviá ESP"]
[Date "2006.10.28"]
[Round "9.19"]
[White "Yanez Acin, Gonzalo"]
[Black "Alonso Igual, Ignacio"]
[Result "1/2-1/2"]
[WhiteElo "1988"]
[BlackElo "1899"]
[PlyCount "20"]
[EventDate "2006.10.20"]
[EventType "swiss"]
[EventRounds "9"]
[EventCountry "ESP"]
[Source "lmi"]
[SourceDate "2006.10.20"]

1. e4 c5 2. Nf3 Nc6 3. d4 cxd4 4. Nxd4 e5 5. Nf3 Nf6 6. Bg5 Qa5+ 7. Qd2 Nxe4 8.
Qxa5 Nxa5 9. Bd2 Nxd2 10. Nbxd2 Nc6 1/2-1/2

[Event "6. Open Veteranos de Calviá"]
[Site "Calviá ESP"]
[Date "2006.10.28"]
[Round "9.20"]
[White "Gomez Feria, Jose Maria"]
[Black "Llado Llompart, Sebastian"]
[Result "1-0"]
[WhiteElo "1973"]
[BlackElo "1864"]
[PlyCount "63"]
[EventDate "2006.10.20"]
[EventType "swiss"]
[EventRounds "9"]
[EventCountry "ESP"]
[Source "lmi"]
[SourceDate "2006.10.20"]

1. Nf3 d5 2. c4 d4 3. e3 Nc6 4. exd4 Nxd4 5. Nxd4 Qxd4 6. d3 Bf5 7. Nc3 e5 8.
Be3 Qd7 9. Qd2 c5 10. Be2 Nf6 11. O-O Be7 12. a3 O-O 13. Rab1 Rfd8 14. Rfd1 Qc6
15. Qc2 Rd7 16. Bf3 Qe6 17. Bd5 Nxd5 18. Nxd5 Rxd5 19. cxd5 Qxd5 20. Rbc1 Rc8
21. Qc4 Qc6 22. Qc3 Qc7 23. b4 b6 24. bxc5 Bxc5 25. d4 exd4 26. Bxd4 Qe7 27.
Bxc5 Rxc5 28. Qf3 g6 29. Rc3 Re5 30. Re3 Be4 31. Qg3 Rg5 32. Rxe4 1-0